000 00688nam a2200265Ia 4500
005 20260121170103.0
008 008 260114s9999 xx 000 0 eng d
020 _a9783319266152
037 _aEBOOK
040 _aCRL
040 _beng
040 _cCRL
041 _2eng
041 _aeng
084 _qCRL
100 _aAlthier M. Lazar, Leslie M. Reich
_91059656
245 0 _aNew Teachers in Urban Schools: Journeys Toward Social Equity Teaching
260 _bSpringer
260 _bSpringer
260 _c2016
856 _uhttps://link.springer.com/openurl?genre=book&isbn=978-3-319-26615-2
942 _cEBOOK
999 _c1625385
_d1625385